000 00481nmm a2200169Ia 4500
008 251105s9999||||xx |||||||||||||||||und||
020 _a9788492509386
041 _aspa
100 _aViñas Rubio, José Miguel
245 0 _a¿Estamos cambiando el clima?
264 _a[Madrid, España] :
_bEquipo Sirius,
_c2007
300 _a205 páginas
490 _aMillenium
650 _aEnvironmental Sciences
856 _uhttps://public.digitaliapublishing.com/a/9196
942 _cCF
999 _c88840
_d88840